| 000 | 00441nam a22001337a 4500 | ||
|---|---|---|---|
| 003 | OSt | ||
| 005 | 20201027105034.0 | ||
| 008 | 201026b 2008 dr 00| 0 eng d | ||
| 040 |
_aDO-SdBNP _bspa _cBNPHU |
||
| 245 | 0 | 0 |
_aLa legítima defensa en el caso Elías Dhimes / _cRamón Antonio Veras ; presentación Domingo Porfirio Rojas Nina |
| 260 |
_a Santo Domingo : _bEditora Manatí, _c2008. |
||
| 300 |
_a341 p. ; _c28 cm. |
||
| 942 |
_2ddc _cLBS1 |
||
| 999 |
_c48962 _d48962 |
||